Gaming Quiz

Random Gaming or Food Quiz

Slime Rancher Slimes Quiz Stats

 Plays Quiz not verified by Sporcle

Score 0/15 Timer 04:00
0 Plays Today
Type of food Answer % Correct
EverythingPink Slime
98.5%
VeggieRock Slime
94.4%
MeatTabby Slime
91.5%
WaterPuddle Slime
85.1%
VeggieRad Slime
84.1%
Meat Boom Slime
83.7%
AshFire Slime
82.2%
FruitHoney Slime
81.5%
Type of food Answer % Correct
Meat Hunter Slime
81%
FruitPhosphor Slime
75.9%
Veggie Crystal Slime
73.9%
VeggieMosaic Slime
69.8%
MeatTangle Slime
66.1%
FruitDervish Slime
65.6%
Fruit Quantum Slime
63.9%

You're not logged in!

Compare scores with friends on all Sporcle quizzes.
OR
Log In

Sporcle TV

Today on Sporcle TV


Watch our educational content, quiz creation guides, and fun videos on Sporcle TV.

Show Comments

Extras

Created Sep 13, 2017ReportNominate
Tags:Food Quiz, rancher, slime

Top Quizzes Today


Score Distribution

Your Account Isn't Verified!

In order to create a playlist on Sporcle, you need to verify the email address you used during registration. Go to your Sporcle Settings to finish the process.

Report this User

Report this user for behavior that violates our Community Guidelines.

Details: